Statistics for United Arab Emirates Country Quiz

Click here to take the quiz!

General Stats

  • This quiz has been taken 2,383 times
    (2,325 since last reset)
  • The average score is 15 of 20

Answer Stats

Hint Answer % Correct
Most populous cityDubai
99%
Bordering countriesSaudi Arabia
99%
Capital cityAbu Dhabi
97%
Bordering countriesOman
97%
Official languageArabic
97%
Most important exportOil
97%
The above city has the third-busiest ____ in the world, trailing only Atlanta and BeijingAirport
95%
Tallest building in the worldBurj {Khalifa}
94%
Gulf on which the UAE liesPersian Gulf
92%
The Burj Al Arab has been described as the world's only seven star ...Hotel
92%
Country from which the UAE gained its independence in 1971United Kingdom
91%
More than twice as many UAE residents were born in this country as were
born in the UAE itself
India
81%
The Mall of the Emirates is famously one of the only places where you can do this indoorsSki
72%
A Muslim caught drinking alcohol can be punished with up to eighty ...Lashes
70%
Popular sport that once employed children but now uses robots{Camel} racing
56%
Type of bird that appears on the national emblemFalcon
45%
Title used by the rulers of the seven individual emirates (hint: not Emir)Sheikh
43%
CurrencyDirham
42%
Auto-themed theme park home to the world's fastest roller coaster{Ferrari} World
42%
Third-most populous citySharjah
40%

Score Distribution

Percentile by Number Answered

Percent of People with Each Score

Your Score History

You have not taken this quiz since the last reset